000 00296nam a22001337a 4500
008 181105b xxu||||| |||| 00| 0 eng d
020 _a0865510164
041 _aeng
080 _a616.5
100 _a7
101 _aDER
245 _aYour Skin & How to live in it
_cLitt, J.Z
942 _2udc
_cBK
999 _c51867
_d51867